• 首页
  • 本馆介绍
  • 公告通知
  • 最新文献
  • 馆藏检索
  • 电子资源
  • 读者导购
  • 参考咨询
  • 我的图书馆
  • 登录
  • 详细信息显示
  • 放入我的书架
  • 预约/预借图书
  • 作者相关作品
  • 分类相关作品
  • 丛书相关作品
  • 出版社相关作品

书目信息

  • 表格格式
  • 工作单格式
  • 卡片格式
题名:
典型地区居民汞、镉、砷、铅、铬环境总暴露研究报告
    
 
作者: ;中国环境科学研究院 著
分册:  
出版信息: 北京   中国环境出版集团  2018.12
页数: 174页
开本: 26cm
丛书名:
单 册:
中图分类: X503.1
科图分类:
主题词: 居住区--重金属污染物--研究报告--中国
电子资源:
ISBN: 978-7-5111-3891-0
000 01262nam0 2200229 45
001 012001003657
005 20131105094730.0
010    @a978-7-5111-3891-0@dCNY98.00
100    @a20181227d2018 em y0chiy0110 ea
101 0  @achi
102    @aCN@b110000
105    @ay z 000yy
106    @ar
200 1  @a典型地区居民汞、镉、砷、铅、铬环境总暴露研究报告@9dian xing di qu ju min gong 、 ge 、 shen 、 qian 、 ge huan jing zong bao lu yan jiu bao gao@f中国环境科学研究院著
210    @a北京@c中国环境出版集团@d2018.12
215    @a174页@d26cm
330    @a根据《国家环境保护“十三五”环境与健康工作规划》总体工作部署,为了解我国居民环境总暴露水平,获取污染物各环境介质分担率,为国家设定污染物多介质环境基准、评价环境标准的兼容性提供重要数据基础。目前所研究均针对单一介质,无系统性对某一污染物多介质综合暴露情况开展系统研究,本研究针对镉汞砷氟铅5种重金属通过多途径、多介质的综合暴露情况开展了大规模的调查研究,不仅摸清了其暴露水平,同时获取了各环境介质的分担率,为国家设定污染物多介质环境基准、评价环境标准的兼容性提供重要数据基础。
606 0  @a居住区@x重金属污染物@x研究报告@y中国
690    @aX503.1@v5
711 02 @a中国环境科学研究院@9zhong guo huan jing ke xue yan jiu yuan@4著
801  0 @aCN@b上海新华@c20191020
905    @b1206153-6@dX503.1@e225@f4
    
    典型地区居民汞、镉、砷、铅、铬环境总暴露研究报告/中国环境科学研究院著.-北京:中国环境出版集团,2018.12
    174页;26cm
    
    
    ISBN 978-7-5111-3891-0:CNY98.00
    根据《国家环境保护“十三五”环境与健康工作规划》总体工作部署,为了解我国居民环境总暴露水平,获取污染物各环境介质分担率,为国家设定污染物多介质环境基准、评价环境标准的兼容性提供重要数据基础。目前所研究均针对单一介质,无系统性对某一污染物多介质综合暴露情况开展系统研究,本研究针对镉汞砷氟铅5种重金属通过多途径、多介质的综合暴露情况开展了大规模的调查研究,不仅摸清了其暴露水平,同时获取了各环境介质的分担率,为国家设定污染物多介质环境基准、评价环境标准的兼容性提供重要数据基础。
●
相关链接 在E读中查询图书 在五车中查询图书 在当当中查询图书 在豆瓣中查询图书


正题名:典型地区居民汞、镉、砷、铅、铬环境总暴露研究报告     索取号:X503.1/225         预约/预借

序号 登录号 条形码 馆藏地/架位号 状态 备注
1 1206153   212061533   第二样本阅览室/ [索取号:X503.1/225] 在馆    
2 1206154   212061542   第三借阅区/ [索取号:X503.1/225] 在馆    
3 1206155   212061551   第三借阅区/ [索取号:X503.1/225] 在馆    
4 1206156   212061560   第三借阅区/ [索取号:X503.1/225] 在馆    
唐山师范学院图书馆 欢迎您!
大连网信软件有限公司© 版权所有